LIBRARY & INFORMATION CENTRE, KCAET, TAVANUR

ONLINE PUBLIC ACCESS CATALOGUE (OPAC)

Economic development : Principles, problems and policies / (Record no. 2111)

MARC details
000 -LEADER
fixed length control field 00426cam a2200157ua 4500
041 ## - LANGUAGE CODE
Language code of text/sound track or separate title eng
082 ## - DEWEY DECIMAL CLASSIFICATION NUMBER
Classification number 338.9
Item number HIG/EC
100 ## - MAIN ENTRY--AUTHOR NAME
Personal name Higgins, Benjamin .
245 ## - TITLE STATEMENT
Title Economic development : Principles, problems and policies /
250 ## - EDITION STATEMENT
Edition statement 1 /
260 ## - PUBLICATION, DISTRIBUTION, ETC. (IMPRINT)
Place of publication Newyork :
Name of publisher W.W Norton & co. INC ,
Year of publication 1959.
300 ## - PHYSICAL DESCRIPTION
Number of Pages 803 ; .
942 ## - ADDED ENTRY ELEMENTS (KOHA)
Koha item type Books
Holdings
Withdrawn status Lost status Damaged status Home library Current library Date acquired Full call number Accession Number Koha item type
Withdrawn     KAUAET Sanskrit University 07/04/2012 338.9 672 Books
free website counter